[Event "Moscow-ch U19"]
[Site "Moscow"]
[Date "2019.11.26"]
[Round "9"]
[White "Rysaev, Danial"]
[Black "Makarian, Rudik"]
[Result "0-1"]
[WhiteElo "2029"]
[BlackElo "2405"]
[PlyCount "80"]
[EventDate "2019.11.18"]
[EventType "swiss"]
[EventRounds "9"]
[EventCountry "RUS"]
[SourceTitle "CBM 193 Extra"]
[Source "ChessBase"]
[SourceDate "2020.01.31"]
[SourceVersion "1"]
[SourceVersionDate "2020.01.31"]
[SourceQuality "1"]

1. d4 Nf6 2. c4 g6 3. Nc3 Bg7 4. e4 d6 5. Nf3 0-0 6. Be2 e5 7. d5 Na6 8. 0-0 Nc5 9. Qc2 a5 10. Bg5 h6 11. Be3 Nh5 12. g3 Bh3 13. Rfe1 b6 14. a3 a4 15. Bxc5 bxc5 16. Nxa4 f5 17. Nc3 f4 18. b4 g5 19. bxc5 Qf6 20. Kh1 fxg3 21. fxg3 g4 22. Nh4 Qf2 23. Bd3 Qxc5 24. Nf5 Rxa3 25. Rxa3 Qxa3 26. Nb5 Qa5 27. Qc3 Qa2 28. Re2 Qa4 29. Bc2 Qa2 30. Nxc7 Nf6 31. Qd2 Qxc4 32. Ne6 Ra8 33. Nxd6 Ra1+ 34. Bd1 Qa6 35. Nxg7 Qxd6 36. Nf5 Qa3 37. Re3 Qa2 38. Re2 Nxe4 39. Nxh6+ Kh7 40. Qd3 Qc4 0-1

[Event "Krakow op-B 29th"]
[Site "Krakow"]
[Date "2019.01.03"]
[Round "8"]
[White "Rysaev, Danial"]
[Black "Nikitin, Aleksander I"]
[Result "1-0"]
[WhiteElo "1945"]
[BlackElo "2031"]
[PlyCount "67"]
[EventDate "2018.12.27"]
[EventType "swiss"]
[EventRounds "9"]
[EventCountry "POL"]
[SourceTitle "CBM 189 Extra"]
[Source "ChessBase"]
[SourceDate "2019.06.03"]
[SourceVersion "1"]
[SourceVersionDate "2019.06.03"]
[SourceQuality "1"]

1. d4 f5 2. c4 Nf6 3. Nc3 d6 4. Nf3 c6 5. g3 Qc7 6. d5 e5 7. dxe6 Bxe6 8. b3 g6 9. Bg2 Na6 10. 0-0 Bg7 11. Bf4 Rd8 12. Nd4 Qc8 13. e4 fxe4 14. Nxe4 Nxe4 15. Bxe4 Bh3 16. Bg2 0-0 17. Re1 Bxg2 18. Kxg2 Rde8 19. Rxe8 Qxe8 20. Rc1 Qe4+ 21. Nf3 d5 22. cxd5 cxd5 23. Kg1 h6 24. h4 Nb4 25. Nd2 Qf5 26. Nf1 Nd3 27. Rc7 g5 28. hxg5 hxg5 29. Ne3 Qg6 30. Nxd5 Re8 31. Be3 Qe4 32. Qh5 Qe6 33. Qxg5 Ne5 34. Qxg7# 1-0

[Event "Krakow op-B 29th"]
[Site "Krakow"]
[Date "2018.12.29"]
[Round "3"]
[White "Kusnetsov, Igor"]
[Black "Rysaev, Danial"]
[Result "0-1"]
[WhiteElo "2094"]
[BlackElo "1945"]
[PlyCount "108"]
[EventDate "2018.12.27"]
[EventType "swiss"]
[EventRounds "9"]
[EventCountry "POL"]
[SourceTitle "CBM 189 Extra"]
[Source "ChessBase"]
[SourceDate "2019.06.03"]
[SourceVersion "1"]
[SourceVersionDate "2019.06.03"]
[SourceQuality "1"]

1. g3 Nf6 2. Bg2 g6 3. f4 d6 4. Nf3 Bg7 5. d3 Nc6 6. e4 e5 7. fxe5 dxe5 8. Be3 Be6 9. Nbd2 Qd7 10. b4 Ng4 11. Bg1 Nxb4 12. h3 Nh6 13. a3 Nc6 14. Ng5 0-0 15. Nxe6 Qxe6 16. Be3 f6 17. Nb3 Rad8 18. Qd2 Nf7 19. Nc5 Qc8 20. h4 Nd6 21. Bh3 f5 22. h5 b6 23. hxg6 bxc5 24. exf5 Nxf5 25. Bxc5 Ncd4 26. Bxd4 exd4 27. gxh7+ Kh8 28. 0-0 Qe6 29. Rae1 Qg6 30. Bxf5 Rxf5 31. Qg2 Bh6 32. Rxf5 Qxf5 33. Qe4 Qxe4 34. Rxe4 Rd7 35. Re6 Kxh7 36. Rc6 Bf8 37. Ra6 c5 38. Kg2 Bd6 39. Kh3 Kg6 40. Kg4 Kf6 41. Kf3 Ke5 42. g4 Rf7+ 43. Kg3 Kd5+ 44. Kh4 Bf4 45. g5 Be5 46. Kh5 Rf2 47. g6 Rxc2 48. Rxa7 Rd2 49. a4 Rxd3 50. a5 Ra3 51. a6 d3 52. Kg5 Ke6 53. Ra8 Bf6+ 54. Kf4 d2 0-1